00253nam a22000977a 4500008004100000082001100041245006500052260000900117300001100126440001800137180807b xxu||||| |||| 00| 0 eng d a813.52 aMicrosoft office profesional academiccMicrosoft corporation c2010 a1fDVD x9781111747978